[Event "GER-ch Net blitz qual4"]
[Site "Playchess.com INT"]
[Date "2021.05.10"]
[Round "2"]
[White "Reindl, Jork"]
[Black "Schulz, Gerhard1111"]
[Result "1-0"]
[WhiteElo "1739"]
[BlackElo "1432"]
[PlyCount "43"]
[EventDate "2021.05.10"]
[EventType "swiss (blitz)"]
[EventRounds "11"]
[EventCountry "GER"]
[SourceTitle "CBM 202 Extra"]
[Source "ChessBase"]
[SourceDate "2021.07.31"]
[SourceVersion "1"]
[SourceVersionDate "2021.07.31"]
[SourceQuality "1"]

1. e4 e6 2. d4 d5 3. exd5 exd5 4. Bd3 Bd6 5. c3 Nf6 6. Ne2 0-0 7. Bg5 Bg4 8. f3 Bh5 9. Qc2 Bg6 10. Nd2 Bxd3 11. Qxd3 Nbd7 12. g4 Re8 13. 0-0-0 h6 14. Bxf6 Nxf6 15. h4 h5 16. gxh5 Nxh5 17. Rhg1 Qxh4 18. Rh1 Qg5 19. Rdg1 Qh6 20. Kd1 Bf4 21. Nxf4 Nxf4 22. Qf5 1-0

[Event "GER-ch Net blitz qual1"]
[Site "Playchess.com INT"]
[Date "2021.04.24"]
[Round "11"]
[White "Reindl, Jork"]
[Black "Gombert, Reiner"]
[Result "0-1"]
[WhiteElo "1574"]
[BlackElo "1672"]
[PlyCount "168"]
[EventDate "2021.04.24"]
[EventType "swiss (blitz)"]
[EventRounds "11"]
[EventCountry "GER"]
[SourceTitle "CBM 202 Extra"]
[Source "ChessBase"]
[SourceDate "2021.07.31"]
[SourceVersion "1"]
[SourceVersionDate "2021.07.31"]
[SourceQuality "1"]

1. e4 c5 2. Nc3 Nc6 3. Bb5 Nf6 4. Bxc6 dxc6 5. f4 g6 6. d3 Bg7 7. Nf3 Bg4 8. h3 Bxf3 9. Qxf3 Nd7 10. Be3 e5 11. f5 f6 12. 0-0 g5 13. Qh5+ Kf8 14. Qf3 h5 15. h4 g4 16. Qe2 Kf7 17. g3 b6 18. Kg2 Qe7 19. a3 a5 20. Nd1 Rad8 21. Nf2 Nb8 22. Rh1 Na6 23. Rh2 Nc7 24. Rah1 Bh6 25. Qd2 Bxe3 26. Qxe3 Qd7 27. Rd1 Qd4 28. Qxd4 Rxd4 29. c3 Rd7 30. Kf1 Rhd8 31. Ke2 Nb5 32. a4 Nc7 33. b3 Ne8 34. Rhh1 Rd6 35. Rd2 Ra8 36. Ra1 Rd7 37. c4 Rad8 38. Rad1 Ng7 39. Ra2 Ke7 40. Rad2 Kd6 41. Ra2 Kc7 42. Rad2 Ne8 43. Ra1 Nd6 44. Rad1 Ra8 45. Ra1 Rdd8 46. Rda2 Rdb8 47. Rc2 Nb7 48. Nd1 b5 49. cxb5 cxb5 50. axb5 Kb6 51. Nc3 Rf8 52. Nd5+ Kxb5 53. Nc7+ Kb6 54. Nxa8+ Rxa8 55. Ra4 Kb5 56. Rac4 Rc8 57. Ra4 Rd8 58. Rac4 Rc8 59. Ra4 Nd6 60. Rcc4 Rc7 61. Rc2 Nb7 62. Rac4 Rd7 63. Ra4 Rc7 64. Rac4 Nd8 65. Ra4 Nc6 66. Ke3 Nd4 67. Rb2 Nc6 68. Rc2 Nb4 69. Rd2 Rd7 70. Ra1 Rd4 71. Rad1 Nc6 72. Rc1 Rb4 73. Rdc2 Nd4 74. Rxc5+ Kb6 75. R5c3 Nxb3 76. Rb1 Nd4 77. Rxb4+ axb4 78. Rc1 b3 79. Rb1 Kb5 80. Kd2 Kb4 81. Ra1 b2 82. Rb1 Kb3 83. Rxb2+ Kxb2 84. Ke3 Kc3 0-1

[Event "Wuerttemberg-ch KT"]
[Site "Stuttgart"]
[Date "2017.08.30"]
[Round "5"]
[White "Mueller, Karl Heinz"]
[Black "Reindl, Jork"]
[Result "1-0"]
[WhiteElo "2009"]
[BlackElo "1509"]
[PlyCount "117"]
[EventDate "2017.08.26"]
[EventType "swiss"]
[EventRounds "7"]
[EventCountry "GER"]
[SourceTitle "EXT 2019"]
[Source "ChessBase"]
[SourceDate "2018.10.10"]
[SourceVersion "1"]
[SourceVersionDate "2018.10.10"]
[SourceQuality "1"]

1. e4 e6 2. d4 d5 3. Nc3 Bb4 4. e5 c5 5. Bd2 Ne7 6. Nb5 Bxd2+ 7. Qxd2 0-0 8. dxc5 Nd7 9. f4 Nxc5 10. Bd3 Qb6 11. 0-0-0 Nc6 12. c3 Bd7 13. Nd4 Nxd4 14. cxd4 Nxd3+ 15. Qxd3 Rac8+ 16. Kb1 Bb5 17. Qd2 Rc4 18. Nf3 Ba4 19. Rc1 Rfc8 20. Rxc4 Rxc4 21. Rc1 Rxc1+ 22. Qxc1 Qc6 23. Qxc6 Bxc6 24. Kc2 Kf8 25. Kc3 Ke7 26. Kb4 Kd7 27. g4 f6 28. exf6 gxf6 29. g5 Ke7 30. h4 Kf7 31. h5 b6 32. a4 Be8 33. Nh4 fxg5 34. fxg5 Kg7 35. h6+ Kf7 36. a5 Bd7 37. axb6 axb6 38. Kc3 Bb5 39. Kd2 Bc4 40. Ke3 b5 41. Nf3 Kg6 42. Kf4 Kf7 43. Ne5+ Kg8 44. g6 hxg6 45. Kg5 Kh7 46. Nxg6 b4 47. Nf8+ Kh8 48. Nxe6 b3 49. Nf4 Kh7 50. Kh5 Kh8 51. Kg6 Kg8 52. h7+ Kh8 53. Kh6 Bd3 54. Nxd5 Bxh7 55. Nf6 Bf5 56. d5 Be6 57. d6 Bf7 58. d7 Bg8 59. Nxg8 1-0

[Event "GER-ch U12"]
[Site "Willingen"]
[Date "2017.06.04"]
[Round "1"]
[White "Reindl, Jork"]
[Black "Gallasch, Jonas"]
[Result "0-1"]
[WhiteElo "1458"]
[BlackElo "1711"]
[PlyCount "92"]
[EventDate "2017.06.04"]
[EventType "swiss"]
[EventRounds "11"]
[EventCountry "GER"]
[SourceTitle "CBM 178 Extra"]
[Source "ChessBase"]
[SourceDate "2017.06.22"]
[SourceVersion "1"]
[SourceVersionDate "2017.06.22"]
[SourceQuality "1"]

1. e4 c5 2. Nf3 Nc6 3. d4 cxd4 4. Nxd4 Nf6 5. Nc3 e5 6. Nf3 Bb4 7. Bd2 d6 8. Bd3 Bg4 9. a3 Ba5 10. b4 Bb6 11. Bb5 0-0 12. Bxc6 bxc6 13. h3 Bh5 14. 0-0 Re8 15. Re1 Nd7 16. Be3 Nf8 17. Bxb6 axb6 18. Re3 Bxf3 19. Qxf3 Ne6 20. Ne2 Qc7 21. c4 Nd4 22. Nxd4 exd4 23. Rd3 c5 24. b5 Qd7 25. Re1 Qe6 26. Rc1 Qxe4 27. Qxe4 Rxe4 28. Kf1 f6 29. f3 Re5 30. g4 Kf7 31. Kf2 Rae8 32. Rc2 R8e7 33. Ra2 Re1 34. Rdd2 Rc1 35. Rac2 Rxc2 36. Rxc2 Ra7 37. Ra2 Ra4 38. Rc2 Rxa3 39. h4 Ke6 40. Re2+ Re3 41. Rxe3+ dxe3+ 42. Kxe3 d5 43. cxd5+ Kxd5 44. Kd3 Ke5 45. Ke3 g5 46. h5 h6 0-1

[Event "GER-chT U16"]
[Site "Neumarkt in der Oberpfalz"]
[Date "2016.12.28"]
[Round "3.4"]
[White "Scholz, Sebastian"]
[Black "Reindl, Jork"]
[Result "1-0"]
[WhiteElo "1676"]
[BlackElo "1409"]
[PlyCount "73"]
[EventDate "2016.12.27"]
[EventType "team-swiss"]
[EventRounds "7"]
[EventCountry "GER"]
[SourceTitle "EXT 2018"]
[Source "ChessBase"]
[SourceDate "2017.10.13"]
[SourceVersion "1"]
[SourceVersionDate "2017.10.13"]
[SourceQuality "1"]
[WhiteTeam "Halver Schalksmuehle"]
[BlackTeam "Schwaebisch Gmuend"]
[WhiteTeamCountry "GER"]
[BlackTeamCountry "GER"]

1. e4 e6 2. d4 d5 3. Nc3 Bb4 4. exd5 exd5 5. Bd3 Nf6 6. a3 Ba5 7. Nge2 Be6 8. 0-0 0-0 9. Bg5 Nbd7 10. Nf4 Qb8 11. Nxe6 fxe6 12. Re1 Re8 13. Bf4 Qc8 14. b4 Bb6 15. Bf1 c6 16. g3 Bc7 17. Bxc7 Qxc7 18. f4 b5 19. Bh3 Nf8 20. Re3 Re7 21. Qe2 Rae8 22. Re1 Kf7 23. Bg2 Kg8 24. Nd1 a6 25. Nf2 h6 26. Nd3 Qa7 27. c3 Kf7 28. Ne5+ Kg8 29. Nxc6 Qc7 30. Nxe7+ Qxe7 31. f5 Kf7 32. Qf3 Qd7 33. fxe6+ Nxe6 34. Bh3 Ng5 35. Qxf6+ Kxf6 36. Bxd7 Nf3+ 37. Rxf3+ 1-0

[Event "Wuerttemberg-ch KT"]
[Site "Stuttgart"]
[Date "2016.09.02"]
[Round "7"]
[White "Reindl, Jork"]
[Black "Loewe, Joachim"]
[Result "0-1"]
[WhiteElo "1436"]
[BlackElo "1886"]
[PlyCount "64"]
[EventDate "2016.08.27"]
[EventType "swiss"]
[EventRounds "9"]
[EventCountry "GER"]
[SourceTitle "EXT 2017"]
[Source "ChessBase"]
[SourceDate "2016.10.25"]
[SourceVersion "1"]
[SourceVersionDate "2016.10.25"]
[SourceQuality "1"]

1. e4 c6 2. d4 d5 3. exd5 cxd5 4. Nf3 a6 5. Bd3 Bg4 6. 0-0 Nc6 7. c3 e6 8. Bf4 Bd6 9. Bg3 Nf6 10. Nbd2 Bxg3 11. fxg3 Qc7 12. Qe1 Qb6 13. Rb1 Nd7 14. Kh1 0-0 15. Qc1 e5 16. dxe5 Ndxe5 17. Nxe5 Nxe5 18. Bc2 Be2 19. Re1 Qf2 20. Nb3 Nd3 21. Bxd3 Bxd3 22. Ra1 Be4 23. Rg1 Rae8 24. Qf4 Qxb2 25. Nc5 Bxg2+ 26. Rxg2 Qxa1+ 27. Rg1 Qxa2 28. Nd7 Re2 29. Qh4 Rfe8 30. Nc5 Qd2 31. Nb3 Qxc3 32. Nc1 Qf3+ 0-1